|
|
|
|
| LEADER |
00826nam a2200241 a 4500 |
| 001 |
3770223 |
| 008 |
110516t20041983nyu 000 1 eng |
| 010 |
|
|
|a 83047860
|
| 020 |
|
|
|a 009947915x
|
| 020 |
|
|
|a 0670427896 :
|c $13.95
|
| 040 |
|
|
|a DLC
|c DLC
|d DLC
|d BD-DhAAL
|
| 082 |
0 |
0 |
|a 823
|2 19
|
| 100 |
1 |
|
|a Coetzee, J. M.,
|d 1940-
|
| 245 |
1 |
0 |
|a Life & times of Michael K /
|c J.M. Coetzee.
|
| 260 |
|
|
|a New York :
|b Viking Press,
|c 2004
|
| 300 |
|
|
|a 184 p. ;
|c 23 cm.
|
| 541 |
|
|
|e 00014242
|
| 650 |
|
0 |
|a Gardeners
|x Fiction.
|
| 651 |
|
0 |
|a South Africa
|x Fiction.
|
| 740 |
0 |
|
|a Life and times of Michael K.
|
| 852 |
1 |
|
|a Ayesha Abed Library
|c General shelf.
|
| 999 |
|
|
|c 10849
|d 10849
|
| 952 |
|
|
|0 0
|1 0
|2 ddc
|4 0
|6 823_COE
|7 0
|9 16490
|a BRACUL
|b BRACUL
|c GEN
|d 2011-05-16
|l 11
|m 73
|o 823 COE
|p 3010014242
|q 2025-10-08
|r 2023-05-27
|s 2023-05-27
|t 1
|w 2011-05-16
|y BK
|